000 01328cam a2200325 i 4500
999 _c27854
_d27825
001 19583994
003 EG-ScBUE
005 20191203100005.0
008 170404s2017 nyua f b 001 0 eng d
020 _z9781138940369 (pbk.)
040 _aDLC
_beng
_erda
_cDLC
_dDLC
_dEG-ScBUE
082 0 4 _a428.0071
_bENG
_222
245 0 0 _aEnglish language proficiency assessments for young learners /
_cedited by Mikyung Kim Wolf, Yuko Goto Butler.
264 1 _aNew York ;
_aAbingdon, Oxon :
_bRoutledge / Taylor and Francis Group,
_c2017.
300 _axvi, 278 pages :
_billustrations ;
_c24 cm.
336 _atext
_btxt
_2rdacontent
337 _aunmediated
_bn
_2rdamedia
338 _avolume
_bnc
_2rdacarrier
490 0 _aInnovations in language learning and assessment at ETS ;
_vvolume 2
504 _aIncludes bibliographical references and index.
650 7 _aEnglish language
_xStudy and teaching
_xAbility testing.
_2BUEsh
650 7 _aEnglish language
_xAge differences
_xAbility testing.
_2BUEsh
650 7 _aEnglish language
_xStudy and teaching
_xAbility testing.
_2BUEsh
650 7 _aEnglish language
_xStudy and teaching
_xEvaluation.
_2BUEsh
653 _bHHUUEENN
_cNovember2019
655 _vReading book
700 1 _aWolf, Mikyung Kim,
_d1971-
_eeditor.
700 1 _aButler, Yuko Goto,
_eeditor.
942 _2ddc
_cBB